[Event "Val Maubuee op"]
[Site "Val Maubuee"]
[Date "1989.??.??"]
[Round "?"]
[White "Clavel, M."]
[Black "Schabanel, Stephane"]
[Result "1/2-1/2"]
[WhiteElo "2090"]
[BlackElo "1850"]
[PlyCount "54"]
[EventDate "1989.04.??"]
[EventType "swiss"]
[EventRounds "9"]
[EventCountry "FRA"]
[SourceTitle "TD"]
[Source "ChessBase"]
[SourceDate "1994.03.01"]
[SourceVersion "1"]
[SourceVersionDate "1994.03.01"]
[SourceQuality "1"]

1. e4 c5 2. Nf3 Nc6 3. b3 d6 4. c4 Nf6 5. Nc3 Bg4 6. Be2 e6 7. h3 Bh5 8. d3 Be7 9. 0-0 0-0 10. Nh2 Bg6 11. f4 h6 12. Bf3 Nd7 13. Ng4 Nd4 14. Ne2 Nxf3+ 15. Rxf3 Bh5 16. Ng3 Bxg4 17. hxg4 Bf6 18. Rb1 Bd4+ 19. Be3 Bxe3+ 20. Rxe3 Qh4 21. Nh5 g6 22. Rh3 Qe7 23. Ng3 Kg7 24. Qd2 Qf6 25. Kf2 Ne5 26. Nf5+ gxf5 27. gxf5 Qg5 1/2-1/2